1758 1306 1039 1020 1207 1281 1698 1769 1987 1432 1923 1643 1699 1249 1335 1782 1747 1148 1437 1774 1588 1569 1334 1291 1663 1165 1568 1340 1793 1612 1910 1220 1481 1443 1538 1563 1272 1411 1468 1928 1426 1716 1901 1262 1647 1822 1267 1212 1412 1667 1872 1074 1361 1750 1188 1961 1770 1609 1733 1364 1745 1936 1228 1762 1803 1590 1659 1817 1150 1849 1243 1954 1486 1683 1433 1598 1233 1191 1681 1101 1381 1157 1355 1059 1540 1845 1718 1796 1360 1423 1526 1973 1555 1221 1116 1720 1013 1537 1850 BCNSPRNW ULIB Ver.6.0+V

เปลี่ยนเป็นภาษาไทย

Change to English
 แสดงรายละเอียดบรรณานุกรม
  กลับหน้าหลัก

Brief Record : Get Marc (ISO 2709) : E-mail record : QR code < ปิดหน้าต่าง
LEADER : 00000nam 2200000uu 4500
001    13399108166
003     ULIB
008    110215s2541||||th 000 0 tha d
020    9789742911517(ล.1)
060 04 WY150^bค127ก ล.1 2541
245 00 การพยาบาลผู้ใหญ่และผู้สูงอายุ เล่ม 1 /^cคณาจารย์เรียบเรียง : แสงจันทร์ ทองมาก ... [ และคนอื่นๆ]
250    พิมพ์ครั้งที่ 2
260    นนทบุรี :^bโครงการสวัสดิการวิชาการ สถาบันพระบรมราชชนกกระทรวงสาธารณสุข,^c2541
300    714 หน้า :^bภาพประกอบ ;^c26 ซม.
650  7 การพยาบาล^xในวัยชรา
650  7 การพยาบาล^xในวัยผู้ใหญ่
650  7 การพยาบาลผู้สูงอายุ
650  7 ผู้สูงอายุ^xการดูแล
700 0  แสงจันทร์ ทองมาก
710 2  สถาบันพระบรมราชชนก. ^bโครงการสวัสดิการวิชาการ
945    ^p250^l0^i009877
945    ^p250^l0^i009609
945    ^p250^l0^i009608
945    ^p250^l0^i009606
945    ^p250^l0^i009604
945    ^p250^l0^i009603
945    ^p250^l0^i009602
945    ^p250^l0^i009600
945    ^p250^l0^i009599
945    ^p250^l0^i009598
945    ^p250^l0^i009607
945    ^p250^l0^i009605
945    ^p250^l0^i009601
995    ทศพร
999 ^a ใช้งานได้ทุกระบบ
รายการนี้ยังไม่มีแท็ก
คุณยังไม่ได้ล็อกอิน คุณสามารถมีกิจกรรมร่วมกับเว็บไซต์ได้ แต่ต้องล็อกอินก่อน ::
  ล็อกอิน

รายการสื่อสารสนเทศ

ลำดับที่ ประเภท เลขเรียก/บาร์โค้ด สถานที่ สถานะ
- ไม่พบข้อมูล -

รายการใกล้เคียง
    หัวเรื่อง [การพยาบาลผู้สูงอายุ]
    หัวเรื่อง [ผู้สูงอายุ การดูแล]

BibComment


ยังไม่เคยถูกคอมเมนท์

คอมเมนท์ทรัพยากรรายการนี้
  คอมเมนท์: การพยาบาลผู้ใหญ่แ..


 Copyright 2026. Bcnsprnw @Library